000 01697nam a22004457a 4500
001 000102140
003 CHAP
005 20220329143550.0
008 100604s2010 mx r 00010 spa d
010 _a98603
011 _a99575
035 _a110261
040 _cCHAP
090 _aTesis
100 1 _aSantos Alcaraz, José de Jesús de.
_9102450
245 1 0 _aAutomatización del riego localizado en el cultivo de arándaro (Vaccinium Corymbosum L.), municipio de Zapotlán el Grande, Jalisco /
_c/por José de Jesús de Santos Alcaraz.
260 _aChapingo, Méx. :
_bEl autor,
_c2010.
300 _avi, 154 h. :
_bilus., cuadros, gráfs., mapas.
502 _aTesis (Ing. en Irrigación) -- UACH. Departamento de Irrigación
590 _aALEPH
_b10
_c20130110
_lUCH01
_h1534
590 _aBATCH-UPD
_b10
_c20130110
_lUCH01
_h0837
590 _aBATCH-UPD
_b10
_c20130410
_lUCH01
_h0515
590 _aBATCH-UPD
_b10
_c20130914
_lUCH01
_h0357
590 _aBATCH-UPD
_b10
_c20140324
_lUCH01
_h1517
590 _aBATCH-UPD
_b10
_c20141002
_lUCH01
_h0843
590 _aCONVERSION
_b10
_c20130109
_lUCH01
_h1354
590 _aE12093SGE
_b10
_c20130718
_lUCH01
_h0915
650 1 4 _aArándano.
_97291
650 1 4 _aAutomatización.
_98413
650 1 4 _aFertirrigación.
_940652
650 1 4 _aFruticultura
_xJalisco.
_943732
650 1 4 _aRiego localizado.
_997374
650 1 4 _aSensores remotos.
_9104427
856 _3Finding aid
_uhttp://10.13.5.2/tesis/110261.pdf
_zTeclea aquí
901 _aBK
942 _cFOLL
942 _n0
949 _aTesis
_bBC
_cTES
_d33724002173512
_eTS2
_fc.2
_gDonaciØn
_h50691
_i110261
_sb
949 _aTesis
_bBC
_cTES
_d33724002173553
_eTS1
_gDonaciØn
_h50690
_i110261
_sb
999 _c98603
_d98603